000 00982nam a2200217 a 4500
003 OSt
005 20131016153610.0
008 131016s2004 ag ||||| |||| 10| 0 spa d
040 _cBiblioteca Medicina
041 _aspa
082 _bCONGRESOS 027
110 2 _aMinisterio de Educacion, Ciencia y Tecnologia
_92609
245 0 0 _aActas del 7ยบ Seminario Interacional "Aprendizaje y Servicio Solidario": Aprendizaje y servicio solidario en la Educacion Superior y en los sistemas educativos Latinoamericanos
260 _aBuenos Aires
_bMinisterio de Educacion, Ciencia y Tecnologia;
_bUnidad de Programas Especiales;
_bPrograma Nacional Educacion Solidaria
_c2004
300 _a150 p.
518 _aBuenos Aires, Argentina. 6 y 7 de Octubre de 2004
653 _aEDUCACION SOLIDARIA-SEMINARIOS-2004
653 _aUNIVERSIDADES-PROYECTOS COMUNITARIOS
942 _2ddc
_cPH
999 _c1800
_d1800
952 _40
_00
_bBFM
_10
_oCONGRESOS 027
_d2013-10-16
_tEj. 1
_8NFIC
_70
_cCR
_2ddc
_yPH
_aBFM